The 50/50 Game - Statistics

General Stats
  • This quiz has been taken 157 times
  • The average score is 9 of 20
Answer Stats
Question Tile Select % Correct
It’s a 50/50 chance! 1 Yes
56%
It’s a 50/50 chance! 7 Yes
52%
It’s a 50/50 chance! 3 Yes
50%
It’s a 50/50 chance! 4 Yes
50%
It’s a 50/50 chance! 7 No
50%
It’s a 50/50 chance! 8 Yes
49%
It’s a 50/50 chance! 9 Yes
48%
It’s a 50/50 chance! 10 Yes
47%
It’s a 50/50 chance! 2 Yes
47%
It’s a 50/50 chance! 6 Yes
47%
It’s a 50/50 chance! 1 No
46%
It’s a 50/50 chance! 3 No
45%
It’s a 50/50 chance! 4 No
45%
It’s a 50/50 chance! 8 No
45%
It’s a 50/50 chance! 9 No
44%
It’s a 50/50 chance! 10 No
43%
It’s a 50/50 chance! 2 No
43%
It’s a 50/50 chance! 5 Yes
43%
It’s a 50/50 chance! 6 No
43%
It’s a 50/50 chance! 5 No
40%
No matching quizzes found
Score Distribution
Percent of People with Each Score
Percentile by Number Answered
Your Score History
You have not taken this quiz